Zaria journal of communication (Zajcom) (Record no. 38786)

MARC details
000 -LEADER
fixed length control field 00439nam a2200169Ia 4500
022 ## - INTERNATIONAL STANDARD SERIAL NUMBER
ISSN 24085820
050 ## - CALL MARK
Classification number P 53 .Z35/
245 #0 - TITLE STATEMENT
Title Zaria journal of communication (Zajcom)
260 ## - PUBLICATION, DISTRIBUTION, ETC. (IMPRINT)
Place of publication Zaria
260 ## - PUBLICATION, DISTRIBUTION, ETC. (IMPRINT)
Name of publisher Blackwell publishing
260 ## - PUBLICATION, DISTRIBUTION, ETC. (IMPRINT)
Year of publication 2013
300 ## - PHYSICAL DESCRIPTION
Number of Pages vi, 176 p. ; :ill. 24 cm.
650 ## - SUBJECT ADDED ENTRY--TOPICAL TERM
Topical Term communication--Nigeria--Periodicals.
942 ## - ADDED ENTRY ELEMENTS (KOHA)
Koha item type Serials

No items available.